[Event "Girona Tardor op 4th"]
[Site "Girona"]
[Date "2020.09.24"]
[Round "4"]
[White "Sola Colom, Curial"]
[Black "Romera Fernandez, Manel"]
[Result "1/2-1/2"]
[WhiteElo "1261"]
[BlackElo "1427"]
[PlyCount "71"]
[EventDate "2020.09.15"]
[EventType "swiss"]
[EventRounds "8"]
[EventCountry "ESP"]
[SourceTitle "EXT 2022"]
[Source "ChessBase"]
[SourceDate "2021.10.06"]
[SourceVersion "1"]
[SourceVersionDate "2021.10.06"]
[SourceQuality "1"]

1. e4 d6 2. d4 Nf6 3. Nc3 g6 4. Be3 Bg7 5. Qd2 h5 6. Bc4 c6 7. f3 b5 8. Bb3 a6 9. Nge2 Nbd7 10. Rd1 Bb7 11. Bg5 c5 12. dxc5 Nxc5 13. Qe3 Nxb3 14. axb3 Qc7 15. 0-0 Qc5 16. Nd4 e5 17. Nde2 Qxe3+ 18. Bxe3 Ke7 19. Rd2 Rad8 20. Bg5 Bh6 21. Bxh6 Rxh6 22. Rfd1 g5 23. Ng3 Bc8 24. Nd5+ Nxd5 25. Rxd5 h4 26. Ne2 f5 27. exf5 Bxf5 28. c4 bxc4 29. bxc4 Be6 30. R5d2 Bxc4 31. Nc3 Bb3 32. Re1 Rg6 33. Re3 Bc4 34. Re4 Bb3 35. Rb4 Bf7 36. Ra4 1/2-1/2